| 000 | 02697nam0a2200385 i 4500 | ||
|---|---|---|---|
| 001 | RU\NLR\BIBL_A\010707133 | ||
| 005 | 20241105182721.0 | ||
| 021 |
_aRU _b2015-7938 _9497 |
||
| 035 | _a(NILC)RuMoRGB-007863826 | ||
| 035 | _a(NLR Aleph) 010707133 | ||
| 090 |
_a9751098 _c9751098 |
||
| 100 | _a20150326d2014 um y0rusy50 ca | ||
| 101 | 1 |
_arus _cund |
|
| 102 | _aRU | ||
| 105 | _aa|||z|||000ay | ||
| 200 | 1 |
_aЛитературные шедевры Средних веков _e[сборник _fсост.: Ю.И. Губатов _gпер. Н.В. Забабуровой] |
|
| 210 |
_aРостов-на-Дону _cДонской издательский дом _d2014 |
||
| 215 |
_a1071 с. _cил. _d21 |
||
| 327 | 1 | _aСодерж.: Роман и Розе / Гильом де Лоррис, Жан де Мен. Ланселот, или Рыцарь телеги; Персеваль, или Повесть о Граале/ Кретьен де Труа. Маленький Жан де Сентре / Антуан де Ла Саль | |
| 464 | 0 |
_12001#$aРоман о Розе$fГильом де Лоррис, Жан де Мен _1700#0$aГильом де Лоррис$fок.1210-ок.1240$3RU\NLR\AUTH\7711832 _1701#0$aЖан де Мен$fок.1240-ок.1305$3RU\NLR\AUTH\7711834 _tРоман о Розе _aГильом де Лоррис (ок.1210-ок.1240) |
|
| 464 | 0 |
_12001#$aЛанселот, или Рыцарь телеги$aПерсеваль, или Повесть о Граале$fКретьен де Труа _1700#0$aКретьен де Труа$f12 в.$3RU\NLR\AUTH\7743400 _tПерсеваль, или Повесть о Граале _aКретьен де Труа (12 в.) |
|
| 464 | 0 |
_12001#$aМаленький Жан де Сентре$fАнтуан де Ла Саль _1700#0$aЛа Саль$bА. де$gАнтуан де$fок.1385-ок.1461$3RU\NLR\AUTH\770143868 _tМаленький Жан де Сентре _aЛа Саль, Антуан де (ок.1385-ок.1461) |
|
| 600 | 1 |
_aЗабабурова _bН.В. _f1944 - 2014 _gНина Владимировна _92229769 _3RU\NLR\AUTH\6601570971 |
|
| 606 | 1 |
_aФранцузская литература _zСредние века _9925655 _3RU\NLR\AUTH\6621329 |
|
| 686 | 1 | _aШ5(4Фр)42-я43 | |
| 686 | 1 | _aШ1г(2)7дЗабабурова | |
| 702 | 1 |
_aГубатов _bЮ. И. _4220 |
|
| 702 | 1 |
_aЗабабурова _bН.В. _f1944-2014 _gНина Владимировна _4730 |
|
| 801 | 0 |
_aRU _bРГБ _c20150115 _gRCR |
|
| 801 | 1 |
_aRU _bРГБ _c20150115 _2rusmarc |
|
| 942 | _cBOOK | ||
| 980 | _aNBR | ||